000 00674nam a2200193Ia 4500
005 20250508165118.0
008 008 250505s9999 xx 000 0 hin d
037 _aDissertations
040 _aFEDL
_beng
_cFEDL
041 _ahin
_2eng
084 _a375.491 43, RAD/DI
_qFEDL
100 _aRadha
245 0 _aHindi bhasha-shikshan me patthyasahgami kiryaon dwara bhasha koshalon ka vikas: Madhyamik ster ki ra. s. anu. pra. p. dwara prakashit hindi pathyapustak shitij ke sandarbh me
260 _c2011
300 _a119p.
546 _aM. Ed. Dissertation, (Delhi University)
942 _cDIS
_h375.491 43, RAD/DI
999 _c1393236
_d1393236